00385nam a2200133Ia 4500008004100000024001400041082001700055100001900072245005800091260002600149600002100175650003800196999001700234260210s9999 xx 000 0 und d a11B-86-BS a005.1072 MUH aMuhammd Farooq 0aContinueing Professional Development (CPD Automation) aKarachi:bUITU,c2011 aComputer Science aBachelor of Computer Science (BS) c32055d32055